| 000 | 00567nam a2200145Ia 4500 | ||
|---|---|---|---|
| 008 | 170221s9999 xx 000 0 und d | ||
| 100 | _aVyacheslav T. Volov | ||
| 245 | _aSocio-Psychological Specifics of Higher Education Design of Convicts in Prisons on the Basis of Information and Communication Technologies | ||
| 245 | _cVyacheslav T. Volov, Vsevolod V. Volov | ||
| 260 | _bInternational Review of Management and Marketing | ||
| 260 | _c2016 | ||
| 300 | _a15 : 15 | ||
| 650 | _xMarketing. | ||
| 856 | _uhttp://www.econjournals.com/index.php/irmm/issue/view/71 | ||
| 999 |
_c312279 _d312279 |
||